[Event "HUN-chT2 Barcza 1718"]
[Site "Hungary"]
[Date "2018.01.28"]
[Round "7.10"]
[White "Hajnal, Gyula"]
[Black "Galko, Attila"]
[Result "1-0"]
[WhiteElo "1886"]
[BlackElo "1924"]
[PlyCount "131"]
[EventDate "2017.09.24"]
[EventType "team-tourn"]
[EventRounds "11"]
[EventCountry "HUN"]
[SourceTitle "EXT 2021"]
[Source "ChessBase"]
[SourceDate "2020.10.23"]
[SourceVersion "1"]
[SourceVersionDate "2020.10.23"]
[SourceQuality "1"]
[WhiteTeam "Mezokovesd"]
[BlackTeam "Edeleny"]
[WhiteTeamCountry "HUN"]
[BlackTeamCountry "HUN"]

1. c4 e5 2. Nc3 Nc6 3. Nf3 Nf6 4. d3 d5 5. cxd5 Nxd5 6. Bd2 Be7 7. g3 Be6 8. Bg2 0-0 9. 0-0 Qd7 10. Nxd5 Bxd5 11. Bc3 f6 12. h4 Rad8 13. Qc1 Qg4 14. Kh2 h6 15. Bh3 Qh5 16. g4 Qg6 17. e4 Be6 18. h5 Qf7 19. Qb1 Bc5 20. b4 Bb6 21. a4 Qd7 22. a5 Bd4 23. Bxd4 exd4 24. Rg1 Ne5 25. Nxe5 fxe5 26. Qc2 Rf4 27. Qe2 Rdf8 28. Raf1 Qf7 29. Rg2 Rf3 30. Rg3 Rxf2+ 31. Rxf2 Qxf2+ 32. Rg2 Qxe2 33. Rxe2 Rf3 34. Rd2 Bb3 35. Bg2 Rf4 36. Kg3 b6 37. Bf3 Kf7 38. Rb2 Ba4 39. axb6 axb6 40. b5 Ke7 41. Rb4 Bc2 42. Be2 Kd7 43. Rc4 Bb3 44. Rc6 Rf6 45. Rc1 c6 46. bxc6+ Rxc6 47. Rf1 Rf6 48. Ra1 Kc6 49. Rc1+ Kb7 50. g5 hxg5 51. Kg4 Rf2 52. Bf1 Be6+ 53. Kxg5 Rh2 54. Kg6 Bg4 55. Kxg7 Rxh5 56. Kf6 Bd7 57. Be2 Rh2 58. Re1 Kc6 59. Kxe5 Kc5 60. Rc1+ Kb5 61. Bd1 Ka5 62. Kxd4 Rh1 63. Rb1 Ba4 64. Bc2 Rh2 65. Bxa4 Kxa4 66. Rxb6 1-0

[Event "HUN-chT2 Barcza 1617"]
[Site "Hungary"]
[Date "2017.01.29"]
[Round "7.8"]
[White "Galko, Attila"]
[Black "Daroczy, Sandor"]
[Result "1/2-1/2"]
[WhiteElo "1910"]
[BlackElo "1814"]
[PlyCount "40"]
[EventDate "2016.09.25"]
[EventType "team-tourn"]
[EventRounds "11"]
[EventCountry "HUN"]
[SourceTitle "EXT 2021"]
[Source "ChessBase"]
[SourceDate "2020.10.23"]
[SourceVersion "1"]
[SourceVersionDate "2020.10.23"]
[SourceQuality "1"]
[WhiteTeam "Edeleny"]
[BlackTeam "Hajduszoboszlo"]
[WhiteTeamCountry "HUN"]
[BlackTeamCountry "HUN"]

1. e4 e6 2. d4 d5 3. Nd2 Nc6 4. c3 e5 5. dxe5 dxe4 6. Qa4 e3 7. fxe3 Bd7 8. Qf4 Bc5 9. Ne4 Bb6 10. Bc4 Qe7 11. Nf3 h6 12. h4 Be6 13. Bb5 0-0-0 14. Nd4 Qd7 15. a4 a6 16. Bxc6 bxc6 17. 0-0 Ne7 18. Nxe6 fxe6 19. a5 Ba7 20. Nf2 Qd5 1/2-1/2

[Event "HUN-chT2 Barcza 1516"]
[Site "Hungary"]
[Date "2016.02.28"]
[Round "8.10"]
[White "Papp, Laszlo"]
[Black "Galko, Attila"]
[Result "0-1"]
[WhiteElo "1705"]
[BlackElo "1886"]
[PlyCount "80"]
[EventDate "2015.09.13"]
[EventType "team-tourn"]
[EventRounds "11"]
[EventCountry "HUN"]
[SourceTitle "EXT 2017"]
[Source "ChessBase"]
[SourceDate "2016.10.25"]
[SourceVersion "1"]
[SourceVersionDate "2016.10.25"]
[SourceQuality "1"]
[WhiteTeam "Nyiregyhaza"]
[BlackTeam "Edeleny"]
[WhiteTeamCountry "HUN"]
[BlackTeamCountry "HUN"]

1. e4 d5 2. exd5 Qxd5 3. Nc3 Qa5 4. d4 c6 5. Nf3 Nf6 6. Bd2 Bf5 7. Ne4 Qc7 8. Ng3 Bg6 9. c4 e6 10. Bc3 Bd6 11. Bd3 Nbd7 12. Qc2 a5 13. b3 0-0 14. Bxg6 hxg6 15. 0-0 b5 16. Rfe1 Rfb8 17. Ne5 c5 18. Nxd7 Nxd7 19. dxc5 Bxg3 20. hxg3 Qxc5 21. Rad1 Nb6 22. Re5 Nd5 23. cxd5 Rc8 24. dxe6 Qxe5 25. exf7+ Kxf7 26. Rd7+ Ke6 27. Rb7 Qe1+ 28. Bxe1 Rxc2 29. Rxb5 Rc1 30. Kf1 Re8 31. f4 Kd6 32. Re5 Rxe5 33. fxe5+ Kxe5 34. Ke2 Rc2+ 35. Kf3 Rxa2 36. Bc3+ Ke6 37. Bxg7 Ra3 38. Kf4 Rxb3 39. g4 a4 40. Kg5 Kf7 0-1

[Event "HUN-chT2 Barcza 1516"]
[Site "Hungary"]
[Date "2015.10.04"]
[Round "2.10"]
[White "Galko, Attila"]
[Black "Sos, Barnabas"]
[Result "1-0"]
[WhiteElo "1905"]
[BlackElo "1933"]
[PlyCount "103"]
[EventDate "2015.09.13"]
[EventType "team-tourn"]
[EventRounds "11"]
[EventCountry "HUN"]
[SourceTitle "CBM 170 Extra"]
[Source "ChessBase"]
[SourceDate "2016.02.25"]
[SourceVersion "1"]
[SourceVersionDate "2016.02.25"]
[SourceQuality "1"]
[WhiteTeam "Edeleny"]
[BlackTeam "Debrecen Sakkbaratok"]
[WhiteTeamCountry "HUN"]
[BlackTeamCountry "HUN"]

1. e4 c5 2. Nf3 Nc6 3. Bb5 e6 4. Bxc6 bxc6 5. 0-0 Ne7 6. d3 Ng6 7. Be3 Be7 8. Nbd2 0-0 9. Nc4 d5 10. Nce5 Qc7 11. Nxg6 hxg6 12. e5 f5 13. Bf4 Kf7 14. Qd2 Rh8 15. Bg5 Rh5 16. Rae1 Ba6 17. Bxe7 Qxe7 18. Qa5 Bb7 19. g3 g5 20. Kg2 g4 21. Nd2 Rah8 22. Rh1 Bc8 23. Nb3 Qg5 24. Qd2 Qg6 25. Nxc5 Rh3 26. Kf1 Rxh2 27. Rxh2 Rxh2 28. Qa5 Qg5 29. Qxa7+ Kg6 30. Nb3 f4 31. gxf4 Qxf4 32. Qe3 Rh1+ 33. Ke2 Qxe3+ 34. fxe3 Rh2+ 35. Kd1 Kh5 36. Nd4 Kh4 37. Ne2 g3 38. Rg1 g2 39. Ke1 g5 40. Kf2 Kh3 41. Nd4 Rh1 42. Rxg2 g4 43. Rg3+ Kh4 44. Rg1 Rxg1 45. Kxg1 Kg3 46. Nxc6 Kf3 47. b4 Bd7 48. b5 Bc8 49. b6 Kxe3 50. Nd8 Kd4 51. Nxe6+ Kxe5 52. Nc5 1-0

[Event "HUN-chT2 Barcza 1314"]
[Site "Hungary"]
[Date "2013.11.17"]
[Round "5"]
[White "Gunyecz, Zoltan"]
[Black "Galko, Attila"]
[Result "1-0"]
[WhiteElo "1866"]
[BlackElo "1875"]
[PlyCount "123"]
[EventDate "2013.09.08"]
[EventType "team-tourn"]
[EventRounds "11"]
[EventCountry "HUN"]
[SourceTitle "EXT 2016"]
[Source "ChessBase"]
[SourceDate "2015.10.08"]
[SourceVersion "1"]
[SourceVersionDate "2015.10.08"]
[SourceQuality "1"]
[WhiteTeam "Nyiregyhaza SISE"]
[BlackTeam "Edeleny"]
[WhiteTeamCountry "HUN"]
[BlackTeamCountry "HUN"]

1. d4 d5 2. c4 c6 3. cxd5 cxd5 4. Nc3 Nf6 5. Nf3 e6 6. Bg5 Be7 7. e3 Nc6 8. Bd3 a6 9. 0-0 h6 10. Bh4 0-0 11. a3 Nd7 12. Bg3 b5 13. a4 b4 14. Ne2 a5 15. Rc1 Qb6 16. Bb5 Bb7 17. Nf4 Rfc8 18. Nd3 Ba6 19. Bxa6 Qxa6 20. Qe2 Nf6 21. h3 Ne4 22. Bh2 b3 23. Qd1 Qb6 24. Nd2 Nxd2 25. Qxd2 Nb4 26. Nxb4 Qxb4 27. Qd3 Qxa4 28. Bc7 Qd7 29. Bb6 a4 30. Bc5 Bxc5 31. Rxc5 Rxc5 32. dxc5 Ra5 33. Rc1 Qc7 34. Qd4 f6 35. Qb4 Ra6 36. Qb5 Qc6 37. Qb4 Kf7 38. h4 Ke7 39. h5 Kd8 40. Qb8+ Qc8 41. Qb5 Kc7 42. c6 Qa8 43. Qc5 Qd8 44. Qb5 Ra7 45. Qc5 Ra8 46. Qb4 Ra7 47. Qg4 Qe7 48. Qd4 Ra5 49. Kf1 e5 50. Qc3 Rb5 51. Qd3 Rc5 52. Ra1 Rxc6 53. Rxa4 Rc1+ 54. Ke2 Rc2+ 55. Kd1 Qc5 56. Qxb3 Rxf2 57. Ra8 Kd7 58. Qa4+ Ke6 59. Qe8+ Kf5 60. Qg6+ Ke6 61. Ra6+ Qd6 62. Qe8+ 1-0

[Event "HUN-chT2 Barcza 0910"]
[Site "Hungary"]
[Date "2010.03.21"]
[Round "8.8"]
[White "Galko, Attila"]
[Black "Rakaczki, Csaba"]
[Result "1-0"]
[WhiteElo "2066"]
[BlackElo "2086"]
[PlyCount "93"]
[EventDate "2009.11.08"]
[EventType "team-tourn"]
[EventRounds "11"]
[EventCountry "HUN"]
[SourceTitle "EXT 2011"]
[Source "ChessBase"]
[SourceDate "2010.11.26"]
[SourceVersion "1"]
[SourceVersionDate "2010.11.26"]
[SourceQuality "1"]
[WhiteTeam "Edeleny"]
[BlackTeam "Debrecen Sakkbaratok"]
[WhiteTeamCountry "HUN"]
[BlackTeamCountry "HUN"]

1. e4 d5 2. exd5 Qxd5 3. Nc3 Qd8 4. d4 Nf6 5. Nf3 Bf5 6. Bc4 e6 7. Ne5 Nbd7 8. Bf4 c6 9. Qe2 Nxe5 10. dxe5 Nd5 11. Nxd5 exd5 12. Bd3 Qd7 13. h3 Bc5 14. 0-0-0 0-0 15. g4 Bxd3 16. Rxd3 b5 17. h4 a5 18. h5 b4 19. h6 g6 20. Bg5 a4 21. Re1 b3 22. cxb3 a3 23. bxa3 Rxa3 24. Kb1 Rfa8 25. e6 Qxe6 26. Qxe6 fxe6 27. Re2 R3a6 28. a4 Re8 29. Bf6 Bd6 30. Rde3 Kf7 31. Rf3 Kg8 32. Be5 c5 33. Bxd6 Rxd6 34. Re5 Rf8 35. Rxf8+ Kxf8 36. Kc2 Rc6 37. Kc3 Ke7 38. Re1 g5 39. a5 Kd6 40. Ra1 Ra6 41. b4 cxb4+ 42. Kxb4 Kc6 43. Rc1+ Kb7 44. Re1 Rd6 45. Re5 d4 46. Kc5 d3 47. Kxd6 1-0

[Event "HUN-chT2 Barcza 0910"]
[Site "Hungary"]
[Date "2009.12.20"]
[Round "4.7"]
[White "Farkas, Lajos"]
[Black "Galko, Attila"]
[Result "1-0"]
[WhiteElo "1951"]
[BlackElo "1850"]
[PlyCount "99"]
[EventDate "2009.11.08"]
[EventType "team-tourn"]
[EventRounds "11"]
[EventCountry "HUN"]
[SourceTitle "EXT 2011"]
[Source "ChessBase"]
[SourceDate "2010.11.26"]
[SourceVersion "1"]
[SourceVersionDate "2010.11.26"]
[SourceQuality "1"]
[WhiteTeam "Debrecen Betu"]
[BlackTeam "Edeleny"]
[WhiteTeamCountry "HUN"]
[BlackTeamCountry "HUN"]

1. d4 d5 2. Bg5 Nf6 3. e3 e6 4. Nf3 Be7 5. Bd3 Nbd7 6. 0-0 0-0 7. Nbd2 c5 8. c3 c4 9. Bc2 b5 10. e4 Bb7 11. e5 Ne8 12. Bxe7 Qxe7 13. Qe2 Nc7 14. Rac1 a5 15. h3 b4 16. Nh2 Nb5 17. Nb1 Ba6 18. Rfe1 bxc3 19. bxc3 Na3 20. Nxa3 Qxa3 21. Bb1 Rab8 22. Qh5 g6 23. Qh6 Rfc8 24. Ng4 Qf8 25. Qf4 Kg7 26. Re3 h5 27. Nf6 Nxf6 28. exf6+ Kh7 29. Rce1 Rb6 30. Re5 Qh6 31. Qh4 Kg8 32. g4 Qf4 33. Kg2 Rb2 34. Bxg6 fxg6 35. Rxe6 Rf8 36. Rxa6 g5 37. Qg3 Qxg3+ 38. Kxg3 h4+ 39. Kf3 Rxa2 40. Re5 Ra3 41. Rxg5+ Kh8 42. Rh5+ Kg8 43. g5 Rxc3+ 44. Kg4 Rd3 45. Ra7 Rxd4+ 46. Kf5 Rf7 47. Ra8+ Rf8 48. Rh8+ Kxh8 49. Rxf8+ Kh7 50. g6+ 1-0

[Event "HUN-chT U18"]
[Site "Miskolc"]
[Date "2009.10.26"]
[Round "1.26"]
[White "Csetneki, Mark"]
[Black "Galko, Attila"]
[Result "0-1"]
[WhiteElo "1539"]
[BlackElo "1850"]
[PlyCount "66"]
[EventDate "2009.10.26"]
[EventType "team-swiss"]
[EventRounds "8"]
[EventCountry "HUN"]
[SourceTitle "EXT 2016"]
[Source "ChessBase"]
[SourceDate "2015.10.08"]
[SourceVersion "1"]
[SourceVersionDate "2015.10.08"]
[SourceQuality "1"]

1. e4 d5 2. exd5 Qxd5 3. Nc3 Qa5 4. d4 c6 5. Nf3 Nf6 6. Bd2 Qc7 7. g3 Bg4 8. Bg2 e6 9. a3 Bd6 10. 0-0 Nbd7 11. Re1 h6 12. Ne4 Nxe4 13. Rxe4 Nf6 14. Re1 h5 15. h3 Bxf3 16. Qxf3 Nd7 17. Bc3 Rh7 18. Qe4 g6 19. Qf3 0-0-0 20. b4 e5 21. dxe5 Bxe5 22. Bxe5 Nxe5 23. Qf4 Nd7 24. Qf3 Nb6 25. a4 Nd5 26. b5 c5 27. c4 Nb4 28. Re3 Nc2 29. Rae1 Nxe1 30. Rxe1 Rd7 31. Re3 Rh8 32. Qf6 Rhd8 33. Qc3 Rd4 0-1

[Event "HUN-chT U18"]
[Site "Miskolc"]
[Date "2008.10.29"]
[Round "5.11"]
[White "Galko, Attila"]
[Black "Herczku, Daniel"]
[Result "1-0"]
[WhiteElo "1871"]
[BlackElo "2096"]
[PlyCount "51"]
[EventDate "2008.10.27"]
[EventType "team-swiss"]
[EventRounds "8"]
[EventCountry "HUN"]
[SourceTitle "EXT 2016"]
[Source "ChessBase"]
[SourceDate "2015.10.08"]
[SourceVersion "1"]
[SourceVersionDate "2015.10.08"]
[SourceQuality "1"]

1. e4 c5 2. d4 cxd4 3. c3 d3 4. Bxd3 d6 5. c4 Nc6 6. Nc3 Nf6 7. h3 a6 8. Nf3 Bd7 9. 0-0 Rc8 10. b3 e6 11. Bb2 Be7 12. Qe2 0-0 13. Rfd1 Qc7 14. Rac1 Rfd8 15. Nd5 exd5 16. cxd5 Qa5 17. dxc6 Rxc6 18. Rxc6 bxc6 19. e5 Nd5 20. Qe4 g6 21. exd6 f5 22. Qe2 Bxd6 23. Bc4 Re8 24. Qd3 Be6 25. Qd4 Re7 26. Qh8+ 1-0

[Event "HUN-chT2 Barcza 0708"]
[Site "Hungary"]
[Date "2008.04.27"]
[Round "10"]
[White "Galko, Attila"]
[Black "Kemendi, Daniel"]
[Result "1-0"]
[WhiteElo "1849"]
[BlackElo "1655"]
[PlyCount "83"]
[EventDate "2007.10.14"]
[EventType "team"]
[EventRounds "11"]
[EventCountry "HUN"]
[SourceTitle "EXT 2009"]
[Source "ChessBase"]
[SourceDate "2008.11.26"]
[SourceVersion "1"]
[SourceVersionDate "2008.11.26"]
[SourceQuality "1"]
[WhiteTeam "Edeleny"]
[BlackTeam "Miskolc II"]
[WhiteTeamCountry "HUN"]
[BlackTeamCountry "HUN"]

1. e4 c6 2. d4 d5 3. exd5 cxd5 4. Bd3 Nf6 5. c3 e6 6. Nf3 Be7 7. Bf4 0-0 8. h3 Nbd7 9. Qc2 h6 10. g4 Nb6 11. Rg1 Bd6 12. Bxd6 Qxd6 13. Ne5 Nfd7 14. f4 Nxe5 15. fxe5 Qe7 16. Qf2 Bd7 17. Nd2 f6 18. Qh4 Qe8 19. exf6 Rxf6 20. g5 hxg5 21. Qh7+ Kf7 22. Rxg5 Qg8 23. Bg6+ Kf8 24. Qxg8+ Kxg8 25. 0-0-0 Kf8 26. Bc2 Kf7 27. Rdg1 Rg8 28. Bh7 Rh8 29. Rxg7+ Ke8 30. Rg8+ Rxg8 31. Rxg8+ Kf7 32. Rg3 Rh6 33. Bc2 Ke7 34. Nf3 Nc4 35. h4 Kd6 36. Bg6 e5 37. dxe5+ Nxe5 38. h5 Nxf3 39. Rxf3 Bg4 40. Rf6+ Kc5 41. b4+ Kc4 42. Rf4+ 1-0